|
|
|
|
| LEADER |
01090cam a2200265 7i4500 |
| 001 |
0000022523 |
| 005 |
20090421090000.0 |
| 020 |
0 |
0 |
|a 978-983-40884-4-6
|
| 090 |
0 |
0 |
|a M 330.05
|b PER
|
| 110 |
2 |
0 |
|a Perbadanan Pembangunan Industri Kecil dan Sederhana (SMIDEC)
|
| 245 |
2 |
0 |
|a Memulakan perniagaan :
|b panduan langkah demi langkah.
|
| 260 |
0 |
0 |
|a Kuala Lumpur:
|b SMIDEC,
|c 2009.
|
| 300 |
# |
# |
|a 112 p.
|
| 650 |
0 |
0 |
|a Small business --
|z Malaysia
|
| 650 |
0 |
0 |
|a Business planning --
|z Malaysia
|
| 650 |
0 |
0 |
|a Entrepreneurship --
|z Malaysia
|
| 650 |
0 |
0 |
|a Business enterprises --
|x Planning --
|z Malaysia
|
| 651 |
0 |
0 |
|a Malaysia
|
| 999 |
|
|
|a JHR000121H
|b Book
|c Malaysia
|e MATRADE Southern Regional Office
|
| 999 |
|
|
|a 0000024122
|b Book
|c Malaysia
|e Business Information Centre
|
| 999 |
|
|
|a 0000024123
|b Book
|c Malaysia
|e Business Information Centre
|
| 999 |
|
|
|a PNG000829H
|b Book
|c Malaysia
|e MATRADE Northern Regional Office
|
| 999 |
|
|
|a SBH000799H
|b Book
|c Malaysia
|e MATRADE Sabah
|
| 999 |
|
|
|a SRW000226H
|b Book
|c Malaysia
|e MATRADE Sarawak
|
| 999 |
|
|
|a TRG000110H
|b Book
|c Malaysia
|e MATRADE Eastern Regional Office
|